Further weapons against inflation : Measures to supplement general fiscal and monetary policies
Enregistré dans:
| Format: | Livre |
|---|---|
| Langue: | Undetermined |
| Publié: |
New York
CED
1970
|
| Sujets: | |
| Tags: |
Ajouter un tag
Pas de tags, Soyez le premier à ajouter un tag!
|
| Thư viện lưu trữ: | Trung tâm Học liệu Trường Đại học Cần Thơ |
|---|
| LEADER | 00549nam a2200181Ia 4500 | ||
|---|---|---|---|
| 001 | CTU_82234 | ||
| 008 | 210402s9999 xx 000 0 und d | ||
| 082 | |a 339.5 | ||
| 082 | |b F992 | ||
| 245 | 0 | |a Further weapons against inflation : | |
| 245 | 0 | |b Measures to supplement general fiscal and monetary policies | |
| 260 | |a New York | ||
| 260 | |b CED | ||
| 260 | |c 1970 | ||
| 650 | |a Inflation (finance),Wage-price policy | ||
| 650 | |z United states,United states | ||
| 904 | |i Trọng Hải | ||
| 980 | |a Trung tâm Học liệu Trường Đại học Cần Thơ | ||